Normal view MARC view

Entry Uniform Title

Number of records used in: 1

001 - CONTROL NUMBER

  • control field: 31383

003 - CONTROL NUMBER IDENTIFIER

  • control field: dpl

005 - DATE AND TIME OF LATEST TRANSACTION

  • control field: 20110804171219.0

008 - FIXED-LENGTH DATA ELEMENTS

  • fixed length control field: 110804|||a|||||| | ||| d

040 ## - CATALOGING SOURCE

  • Original cataloging agency: dpl
  • Transcribing agency: dpl

130 ## - HEADING--UNIFORM TITLE

  • Uniform title: Śata-piṭaka series. Indo-Asian literatures v.626

670 ## - SOURCE DATA FOUND

  • Source citation: Work cat.: (dpl): 29868 Koves, Margit, Buddhism among the Turks of Central Asia /, 2009

670 ## - SOURCE DATA FOUND

  • Source citation: Work cat.: (dpl): 29868 Koves, Margit, Buddhism among the Turks of Central Asia /, 2009

© Delhi Public Library
Hit Counter
free hit counter